000 00740nam a22002297a 4500
003 OSt
005 20250717025134.0
008 250717b |||||||| |||| 00| 0 eng d
020 _a9781984688699
040 _aDWC-Main Lib
_cOC
082 _aCirc. 624 Ar677c 2024
100 _aArduman, Eda
245 _aCore concepts in engineering :
_bcivil engineering/
_cEda Arduman
250 _a2nd edition
260 _aNew York :
_b3G E- learning LLC,
_cc2024.
300 _aix, 268 pages :
_bcolor illustrations ;
_c25cm.
504 _aIncludes bibliographical references.
650 _a1. Civil Engineering.
650 _a2. Engineering principles.
650 _a3. Structural engineering.
942 _2ddc
_cBK-CIRC
_e2nd edition
_kCirc.
_n0
999 _c3730
_d3730